000 00303nam a22001337a 4500
008 181022b xxu||||| |||| 00| 0 eng d
020 _a9780072891461
041 _aeng
080 _25th
_a159.9
100 _a48
101 _aPSI
245 _aUnderstanding Psychology
_cFeldman,R.S
942 _2udc
_cBK
999 _c50402
_d50402